Bláznova hrobka

Saved in:
Bibliographic Details
Main Author David, Glockner
Format Electronic eBook
LanguageCzech
Published Kalibr 2025
Edition1. elektronické vydání
Subjects
Online AccessDostupné v BOOKPORT po přihlášení pomocí eduID
ISBN978-80-284-0782-7
978-80-284-0561-8
Physical Description1 online zdroj (416 stran)

Cover

LEADER 00000nam a2200000 i 4500
001 bkp723476546
003 CZ-prgp
005 20260521145249.0
006 m o d
007 cr cn
008 260521s2025 xr o 000 1 cze
020 |a 978-80-284-0782-7  |c 319 Kč  |q (online ; epub) 
020 |a 978-80-284-0561-8  |c 319 Kč  |q (print) 
040 |a Grada  |b cze  |e rda 
100 1 |a David, Glockner 
245 1 0 |a Bláznova hrobka  |c Glockner David 
250 |a 1. elektronické vydání 
264 1 |b Kalibr  |c 2025 
300 |a 1 online zdroj (416 stran) 
336 |a text  |b txt  |2 rdacontent 
337 |a počítač  |b c  |2 rdamedia 
338 |a online zdroj  |b cr  |2 rdacarrier 
520 3 |a Do zapadlého městečka v Krušných horách přijíždí Vilém Drozd, detektiv, kterého si najala Klára, manželka zmizelého archiváře. Hned druhý den ráno ho čeká nemilé překvapení - poblíž městečka se najde jeho zaparkované auto, které nechal v Praze, v jeho kufru objeví mrtvolu své expřítelkyně a na lavičce mrzne jejich pětiletá dcera. Navíc v Praze vyhoří jeho byt. Nezbývá mu než se s dcerou ubytovat u Kláry a pokračovat v pátrání. Zatím se do městečka se stahují pochybné existence a všichni chtějí to samé - objevit podzemní chodbu údajně vedoucí k hrobce Edwarda Kelleyho. Jedná se opravdu o hrobku dávno mrtvého alchymisty, nebo je za tím něco jiného? A kam zmizel pohřešovaný archivář? 
650 0 4 |a Krimi, detektivky 
856 4 0 |u https://www.bookport.cz/AccountSaml/SignIn/?idp=https://shibboleth.utb.cz/idp/shibboleth&returnUrl=/kniha/blaznova-hrobka-16088/  |y Dostupné v BOOKPORT po přihlášení pomocí eduID